[Event "GER-chT U16"]
[Site "Walldorf"]
[Date "2017.12.29"]
[Round "6.4"]
[White "Schmied, Elias"]
[Black "Schmid, Tim"]
[Result "1-0"]
[WhiteElo "1475"]
[BlackElo "1055"]
[PlyCount "59"]
[EventDate "2017.12.26"]
[EventType "team-swiss"]
[EventRounds "7"]
[EventCountry "GER"]
[SourceTitle "CBM 182 Extra"]
[Source "ChessBase"]
[SourceDate "2018.02.23"]
[SourceVersion "1"]
[SourceVersionDate "2018.02.23"]
[SourceQuality "1"]
[WhiteTeam "Saarbruecken"]
[BlackTeam "Schwaebisch Gmuend"]
[WhiteTeamCountry "GER"]
[BlackTeamCountry "GER"]

1. e4 e5 2. Nf3 Nc6 3. Bb5 Nf6 4. d3 Bc5 5. 0-0 0-0 6. Bxc6 bxc6 7. Nxe5 d6 8. Nxc6 Qe8 9. Na5 Bb4 10. Nb3 Bg4 11. f3 Bh5 12. a3 Bc5+ 13. Nxc5 dxc5 14. Be3 Qe5 15. Nc3 Rad8 16. Qe2 Nd7 17. Qf2 f5 18. exf5 Rde8 19. Rfe1 g6 20. fxg6 Bxg6 21. Bh6 Qh5 22. Bxf8 Rxf8 23. Re7 Ne5 24. Re1 Nc6 25. Rxc7 Ne5 26. Rxc5 Rxf3 27. gxf3 Nxf3+ 28. Kh1 Qxh2+ 29. Qxh2 Nxh2 30. Kxh2 1-0